Türk-Rus ilişkilerinde Ermeni Sorunu ve Bitlis örneği (Record no. 2103)

MARC details
000 -BAŞLIK
Sabit Uzunlukta Kontrol Alanı 00696na a2200229 4500
001 - KONTROL NUMARASI
Denetim Alanı 15574
003 - KONTROL NUMARASI IDENTIFIER
Denetim Alanı MIRAKIL
005 - SON İŞLEM TARİHİ VE ZAMANI
Denetim Alanı 20181213154845.0
008 - SABİT-BOY VERİ ELEMANLARI - GENEL BİLGİLER
Sabit Uzunlukta Kontrol Alanı 160917b tu 000 0
040 ## - KATALOGLAMA KAYNAK
Orijinal Kataloglama Ajansı Milas
Kataloglama Dili tur
Metne Dönüştürmek Ajansı TR-AnCHP
082 ## - DEWEY ONLU SINIFLANDIRMA NUMARASI
Sınıflandırma Numarası 327.561047
Ürün Numarası A47t [t.y]
090 ## - SINIFLAMA NUMARASI
Sınıflama Numarası 327.561047 A47t [t.y]
100 ## - ANA GİRİŞ - KİŞİSEL İSİM
Kişisel Ad Altınok, Salih
Bir Adıyla İlişkilendirilen Tarihler 1966-
245 ## - BAŞLIK TABLOSU
Başlık Türk-Rus ilişkilerinde Ermeni Sorunu ve Bitlis örneği
Sorumluluk Tablosu, Vb Salih Altınok
260 ## - YAYIN, DAĞITIM, VB
Yayın, Dağıtım, Vb Yeri [y.y.]
Yayıncı, Dağıtıcı, Vs Adı [yayl.y.]
Yayın, Dağıtım, Vb Tarihi [t.y.]
300 ## - FİZİKSEL TANIM
Kapsam 107 s.
Boyutlar 25 sm.
504 ## - KAYNAKÇA VB NOT
Kaynakça Vb Notu Kaynakça var
650 ## - KONU KATMA GİRİŞ - TOPİKAL DÖNEM
Topikal Süreli Veya Coğrafi Ad Giriş Elemanı Ermeni sorunu
651 ## - KONU KATMA GİRİŞ - COĞRAFİ ADI
Coğrafi İsim Türkiye
Genel Alt Bölümü Ermeni sorunu
Kronolojik Alt Bölümü Bitlis örneği
651 ## - KONU KATMA GİRİŞ - COĞRAFİ ADI
Coğrafi İsim Türkiye
Genel Alt Bölümü Dış ilişkiler
Kronolojik Alt Bölümü Ermeni sorunu
Coğrafi Alt Bölümü Rusya
942 ## - EKLENDİ GİRİŞ ELEMANLARI (KOHA)
Sınıflandırma Veya Raf Düzeni Kaynak Dewey Decimal Classification
Koha Öğesi Türü Books
999 ## - SİSTEM KONTROL NUMARALARI (KOHA)
Koha Biblionumber 2103
Koha Biblioitemnumber 2103
Holdings
Kalıcı Konum Mevcut Konum Edinme Tarihi Edinim Kaynak Toplam Check-Out'Lar Tam Çağrı Numarası Barkod Tarih Son Görülme İtibaren Geçerli Fiyatlar Koha Öğesi Türü
CHP Kütüphanesi CHP Kütüphanesi 09/17/2016 Bağış   327.561047 A47t [t.y] 003920 09/17/2016 09/17/2016 Books